[Event "LA LUPA OPEN A"]
[Site "?"]
[Date "2019.05.02"]
[Round "1"]
[White "GROMOVS, SERGEJS."]
[Black "VANNELLI, VITTORIO."]
[Result "1-0"]
[WhiteElo "2224"]
[BlackElo "1680"]
[PlyCount "65"]
[EventDate "2019.??.??"]
[SourceDate "2019.05.17"]

1. d4 Nf6 2. c4 d6 3. Nf3 Bf5 4. Qb3 Qc8 5. Nc3 Nc6 6. d5 Ne5 7. Nd4 Bg6 8. f4
Ned7 9. f5 Bh5 10. e4 g5 11. Bxg5 Rg8 12. Bxf6 Nxf6 13. h3 Rg3 14. Qa4+ Kd8 15.
Qc2 Bh6 16. Kf2 Be3+ 17. Kxg3 Bxd4 18. Kh2 Be5+ 19. g3 Bf3 20. Bg2 Bxg2 21.
Kxg2 Kd7 22. Ne2 Qh8 23. Rhf1 Rg8 24. Rf3 h5 25. Qa4+ Kd8 26. Rb3 Bxg3 27. Rxg3
Nxe4 28. Rxg8+ Qxg8+ 29. Kf3 Nd2+ 30. Ke3 Qg5+ 31. Nf4 Qg3+ 32. Kxd2 Qxf4+ 33.
Kc2 1-0

[Event "LA LUPA OPEN A "]
[Site "?"]
[Date "2019.05.02"]
[Round "1"]
[White "ALBORE, DANIELE."]
[Black "D'AMORE, EMANUELE."]
[Result "0-1"]
[WhiteElo "1649"]
[BlackElo "2159"]
[PlyCount "54"]

1. e4 c5 2. Nf3 Nc6 3. d4 cxd4 4. Nxd4 e5 5. Nb5 d6 6. N1c3 a6 7. Na3 Be6 8.
Nd5 Bxd5 9. exd5 Nb8 10. c4 Nd7 11. Qa4 Ngf6 12. Bg5 Be7 13. Bxf6 Bxf6 14. Rb1
O-O 15. b4 e4 16. Nc2 Bc3+ 17. Kd1 Qg5 18. Ne3 Qf6 19. Qc2 a5 20. a3 axb4 21.
axb4 Rfe8 22. h4 Qd4+ 23. Kc1 Ra3 24. Nf5 Qe5 25. Ne3 Bxb4 26. Kd1 Qd4+ 27. Ke2
Ra2 0-1

[Event "LA LUPA OPEN A "]
[Site "?"]
[Date "2019.05.02"]
[Round "1"]
[White "PALA, GIORGIO."]
[Black "TOMASSI, EMIDIO."]
[Result "1-0"]
[WhiteElo "2048"]
[BlackElo "1635"]
[PlyCount "163"]

1. c4 Nf6 2. Nc3 b6 3. e4 Bb7 4. Bd3 g6 5. Nf3 Bg7 6. O-O O-O 7. Bc2 c5 8. d4
cxd4 9. Nxd4 d6 10. Be3 Nbd7 11. f3 Rc8 12. b3 a6 13. Qd2 Re8 14. Rac1 Rc7 15.
Rfd1 Qa8 16. Nd5 Nxd5 17. exd5 Rec8 18. Bd3 Ne5 19. Be2 Nd7 20. Bd3 Ne5 21. Bb1
Nd7 22. Re1 Ne5 23. Rcd1 Nd7 24. Re2 Re8 25. Rde1 Nf6 26. Bf4 Rd7 27. Bg5 Qc8
28. Bh4 Rc7 29. Bf2 Qb8 30. a4 Kh8 31. Bg3 Qd8 32. Bf2 Qb8 33. Qb4 Ba8 34. Qd2
Kg8 35. Bc2 Bf8 36. Bg3 Rd7 37. Qb4 Qc7 38. Bf2 Qc5 39. Qd2 Qc7 40. Bh4 Bg7 41.
Bf2 Qb8 42. Bg3 Bf8 43. Bd3 Ra7 44. Qb4 Qc7 45. Qd2 Qb8 46. h3 Bg7 47. Bf2 Rc7
48. g4 Qc8 49. Qb4 Qb8 50. Qd2 Bf8 51. Bg3 Rd7 52. Qb4 Qc7 53. Rc2 Qc5 54. Qc3
Bg7 55. Bf2 Qc7 56. Qd2 Qb8 57. Qc1 Rc7 58. Qa3 Rd7 59. a5 bxa5 60. Qxa5 Bb7
61. Rce2 Qc7 62. Qd2 Bf8 63. Nc2 Qb8 64. Ra1 h5 65. Ree1 hxg4 66. hxg4 Qc8 67.
Nd4 Bg7 68. Qf4 Kh7 69. Kg2 Bxd5 70. cxd5 Nxd5 71. Qh2+ Kg8 72. Rh1 Qc3 73. Be4
Bxd4 74. Bxd5 e6 75. Bxd4 Qxd4 76. Qh7+ Kf8 77. Qh8+ Qxh8 78. Rxh8+ Ke7 79.
Rxe8+ Kxe8 80. Bc6 Ke7 81. Bxd7 Kxd7 82. Ra2 1-0

[Event "LA LUPA OPEN A "]
[Site "?"]
[Date "2019.05.02"]
[Round "1"]
[White "FILOTEI, MARCELLO."]
[Black "ARIGONI, BRUNO."]
[Result "1-0"]
[WhiteElo "1571"]
[BlackElo "1964"]
[PlyCount "129"]
[EventDate "2019.??.??"]

1. d4 d5 2. Bf4 e6 3. e3 Bd6 4. Bg3 h5 5. Nf3 h4 6. Bxd6 Qxd6 7. Nbd2 Nd7 8. h3
Ngf6 9. Bd3 b6 10. O-O Bb7 11. Re1 Ne4 12. Qe2 a6 13. c4 f6 14. cxd5 exd5 15.
a3 g5 16. Bxe4 dxe4 17. Nh2 f5 18. Rac1 O-O-O 19. Nc4 Qe6 20. Qc2 c6 21. d5
Qxd5 22. Red1 Qc5 23. Nd6+ Kc7 24. Nf7 Qe7 25. Nxh8 Rxh8 26. Qc3 Rg8 27. Rd2
Nc5 28. f3 Nd3 29. Rcd1 c5 30. fxe4 fxe4 31. Ng4 Rf8 32. Nf2 g4 33. Nxg4 Kb8
34. Rf1 Rxf1+ 35. Kxf1 Qf7+ 36. Kg1 Ka7 37. Ne5 Qa2 38. Nxd3 exd3 39. Qxd3 Qa1+
40. Kh2 Qe1 41. Re2 Qf1 42. Qd2 Qf5 43. Rf2 Qe5+ 44. Kg1 a5 45. Rf7 Qg3 46. Qf2
Qg6 47. Qf3 Qb1+ 48. Kh2 Ka6 49. Qxb7+ Kb5 50. Rf6 Qe1 51. Qxb6+ Kc4 52. Qa6+
Kb3 53. Qd3+ Ka2 54. Qc4+ Kxb2 55. Qf1 Qg3+ 56. Kh1 c4 57. Qxc4 Qe1+ 58. Qf1
Qg3 59. Qf2+ Kxa3 60. Qxg3 hxg3 61. h4 a4 62. h5 Kb2 63. Ra6 a3 64. h6 a2 65.
Rxa2+ {IL NERO ABBANDONA} 1-0

[Event "LA LUPA OPEN A"]
[Site "?"]
[Date "2019.05.02"]
[Round "1"]
[White "ROBERTI, BRUNO."]
[Black "CIVILOTTI, ROBERTO."]
[Result "0-1"]
[WhiteElo "1850"]
[BlackElo "1562"]
[PlyCount "94"]

1. d4 Nf6 2. Nf3 g6 3. c4 Bg7 4. g3 d6 5. Bg2 Nbd7 6. Nc3 c5 7. d5 O-O 8. O-O
Nb6 9. Nd2 e6 10. Qc2 exd5 11. cxd5 Nbd7 12. Nde4 Nxe4 13. Nxe4 Nf6 14. Nc3 a6
15. a4 Rb8 16. a5 b6 17. axb6 Qxb6 18. e4 Ng4 19. Kh1 Ne5 20. f4 Nc4 21. Rf3
Bg4 22. Na4 Qb4 23. Rf1 Bd4 24. h3 Bd7 25. Rf3 Rb7 26. Ra2 Rfb8 27. b3 Na5 28.
Bd2 Qb5 29. Bf1 c4 30. bxc4 Qb1 31. Bxa5 Qxc2 32. Rxc2 Bxa4 33. Rd2 Bc5 34. Bc3
Rb1 35. Kg2 R8b3 36. e5 Rc1 37. Rdd3 Rc2+ 38. Kh1 Ra3 39. Bd4 Rxd3 40. Rxd3
Rxc4 41. Bxc5 Rxc5 42. e6 fxe6 43. dxe6 Rc1 44. Kg1 Bb5 45. e7 Rxf1+ 46. Kxf1
Bxd3+ 47. Ke1 Bb5 {IL BIANCO ABBANDONA} 0-1

[Event "LA LUPA OPEN A "]
[Site "?"]
[Date "2019.05.02"]
[Round "1"]
[White "NASCA, ANDREA."]
[Black "AGOSTINI, MAURIZIO."]
[Result "1-0"]
[WhiteElo "1561"]
[BlackElo "1802"]
[PlyCount "86"]

1. e4 d5 2. exd5 Qxd5 3. Nc3 Qa5 4. d4 Nf6 5. Bd3 c6 6. Nf3 Bf5 7. Nh4 Bg4 8.
Be2 Bxe2 9. Qxe2 Nbd7 10. Nf3 e6 11. O-O Qc7 12. Re1 Bd6 13. h3 O-O 14. Ng5 e5
15. Be3 Rae8 16. Qd3 b5 17. d5 b4 18. dxc6 Nc5 19. Bxc5 Bxc5 20. Nd5 Bxf2+ 21.
Kxf2 Qxc6 22. Nxf6+ Qxf6+ 23. Nf3 e4 24. Qd4 exf3 25. Qxf6 gxf6 26. Rxe8 Rxe8
27. Kxf3 Rd8 28. Re1 Kg7 29. Re3 Rd2 30. Re2 Rd1 31. Ke3 Ra1 32. c4 Rxa2 33. c5
Ra6 34. Kd4 Rc6 35. Kd5 Rc8 36. c6 Rd8+ 37. Kc5 Rb8 38. c7 Rc8 39. Kc6 a5 40.
Kd7 Rxc7+ 41. Kxc7 f5 42. Re5 a4 43. Rxf5 a3 1-0

[Event "LA LUPA OPEN A "]
[Site "?"]
[Date "2019.05.02"]
[Round "1"]
[White "D'EVA, MAURIZIO."]
[Black "MILANI, PATRIZIA."]
[Result "1-0"]
[WhiteElo "1784"]
[BlackElo "1528"]
[PlyCount "45"]

1. e4 c6 2. d4 d5 3. e5 Bf5 4. Nf3 e6 5. Be2 c5 6. c4 Ne7 7. a3 Qc7 8. O-O Nd7
9. cxd5 Nxd5 10. Nc3 N7b6 11. Bb5+ Nd7 12. Nxd5 exd5 13. Bg5 Be7 14. Bxe7 Kxe7
15. dxc5 Qxc5 16. Bxd7 Bxd7 17. Rc1 Qa5 18. b4 Qxa3 19. Qxd5 Qa6 20. Rc7 Qe6
21. Qc5+ Kd8 22. Rd1 b6 23. Rcxd7+ {IL NERO ABBANDONA} 1-0

[Event "LA LUPA OPEN A "]
[Site "?"]
[Date "2019.05.02"]
[Round "1"]
[White "QUAGLIA, FERDINANDO."]
[Black "RINALDO, LUIGI."]
[Result "0-1"]
[WhiteElo "1479"]
[BlackElo "1783"]
[PlyCount "84"]
[EventDate "2019.??.??"]

1. d4 Nf6 2. c4 e6 3. Nc3 d5 4. Bg5 Be7 5. Bxf6 Bxf6 6. Nf3 c6 7. e3 Nd7 8.
cxd5 exd5 9. h4 Qe7 10. Bd3 Nb6 11. Qc2 Bg4 12. Ne5 Bxe5 13. dxe5 Qxe5 14. Bxh7
O-O-O 15. Bd3 d4 16. Ne2 dxe3 17. f3 Be6 18. O-O-O Bxa2 19. f4 Qf6 20. g4 Bd5
21. g5 Qd6 22. Be4 Qc7 23. h5 Bxe4 24. Rxd8+ Qxd8 25. Qxe4 Qd2+ 26. Kb1 Qxe2
27. Qf5+ Nd7 28. Qxf7 Qd3+ 29. Ka1 e2 30. Rb1 Qa6+ 31. Qa2 Qd3 32. Qe6 Qa6+ 33.
Qa2 Qd3 34. Qe6 Qa6+ 35. Qa2 Qxa2+ 36. Kxa2 Rxh5 37. Re1 Rh2 38. Kb1 Rf2 39.
Kc2 Nc5 40. g6 Ne6 41. f5 Rxf5 42. Rxe2 Nd4+ {IL BIANCO ABBANDONA} 0-1

[Event "LA LUPA OPEN A "]
[Site "?"]
[Date "2019.05.02"]
[Round "1"]
[White "RENZI, ALESSIO."]
[Black "RABITI, ROBERTO."]
[Result "1-0"]
[WhiteElo "1744"]
[BlackElo "1375"]
[PlyCount "33"]

1. e4 e6 2. d4 d5 3. exd5 exd5 4. Nf3 Bd6 5. Bg5 f6 6. Be3 Bg4 7. Nbd2 Ne7 8.
h3 Bxf3 9. Nxf3 Nbc6 10. c4 dxc4 11. Bxc4 g5 12. O-O Ng6 13. Qb3 Na5 14. Qa4+
c6 15. Bd3 O-O 16. b4 b5 17. Qxa5 1-0

[Event "LA LUPA OPEN A "]
[Site "?"]
[Date "2019.05.09"]
[Round "2"]
[White "RINALDO, LUIGI."]
[Black "GROMOVS, SERGEJS."]
[Result "0-1"]
[WhiteElo "1783"]
[BlackElo "2224"]
[PlyCount "64"]
[EventDate "2019.??.??"]

1. e4 c5 2. Nc3 Nc6 3. g3 e6 4. Bg2 Nf6 5. d3 g6 6. Be3 d6 7. h3 Bg7 8. Qd2 Rb8
9. Nge2 b5 10. O-O b4 11. Nd1 O-O 12. Bh6 Nd4 13. Bxg7 Kxg7 14. c3 bxc3 15.
bxc3 Qa5 16. Nxd4 cxd4 17. f4 Ba6 18. Rf2 dxc3 19. Nxc3 Rfc8 20. Nd1 Qxd2 21.
Rxd2 Rb4 22. d4 Bb7 23. Nf2 Rc3 24. e5 dxe5 25. dxe5 Nh5 26. Bxb7 Rxb7 27. Ne4
Re3 28. Nc5 Rxg3+ 29. Kh2 Rc7 30. Rc1 Kh6 31. Rc4 Rf3 32. Rdd4 Rf2+ 0-1

[Event "LA LUPA OPEN A "]
[Site "?"]
[Date "2019.05.09"]
[Round "2"]
[White "D'AMORE, EMANUELE."]
[Black "D'EVA, MAURIZIO."]
[Result "1/2-1/2"]
[WhiteElo "2159"]
[BlackElo "1784"]
[PlyCount "83"]

1. d4 d5 2. Nc3 Bf5 3. Bf4 c6 4. e3 Nf6 5. Bd3 Bxd3 6. Qxd3 e6 7. Nge2 Be7 8.
O-O O-O 9. e4 dxe4 10. Nxe4 Nxe4 11. Qxe4 Nd7 12. c4 Nf6 13. Qc2 Bd6 14. Rad1
Rc8 15. h3 Bxf4 16. Nxf4 Qc7 17. Qd2 Rfd8 18. Qe3 Rd7 19. Rd2 Rcd8 20. Rfd1 h6
21. g3 Re8 22. Qe5 Qd8 23. b3 a5 24. Ne2 Nh7 25. Nc3 Qc7 26. Ne4 b6 27. a4 Qd8
28. Qf4 Qe7 29. h4 f5 30. Nc3 Qb4 31. Qe3 Qxb3 32. Rb1 Qxc4 33. Rxb6 Red8 34.
d5 exd5 35. Qe6+ Kh8 36. Rxc6 Qb3 37. Qxf5 Nf6 38. Rxf6 Qxc3 39. Rf8+ Rxf8 40.
Qxf8+ Kh7 41. Qf5+ Kh8 42. Qf8+ 1/2-1/2

[Event "LA LUPA OPEN A "]
[Site "?"]
[Date "2019.05.09"]
[Round "2"]
[White "CIVILOTTI, ROBERTO."]
[Black "PALA, GIORGIO."]
[Result "0-1"]
[WhiteElo "1562"]
[BlackElo "2048"]
[PlyCount "56"]

1. d4 f5 2. Nc3 Nf6 3. Bg5 d5 4. e3 e6 5. Bxf6 Qxf6 6. Nb5 Qd8 7. a3 a6 8. Nc3
Bd6 9. f4 O-O 10. Nf3 c5 11. Qd2 Nc6 12. g3 Bd7 13. h4 b5 14. Na2 Rc8 15. c3
Na5 16. Nc1 Nc4 17. Qe2 a5 18. Ng5 h6 19. Nf3 b4 20. axb4 cxb4 21. Ne5 bxc3 22.
Nxc4 Rxc4 23. Qc2 cxb2 24. Qxb2 Bb4+ 25. Kf2 Bc3 26. Qa2 Ra4 27. Qxa4 Bxa4 28.
Rxa4 Qd7 0-1

[Event "LA LUPA OPEN A "]
[Site "?"]
[Date "2019.05.09"]
[Round "2"]
[White "GIORNI, MORENO."]
[Black "FILOTEI, MARCELLO."]
[Result "1-0"]
[WhiteElo "1970"]
[BlackElo "1571"]
[PlyCount "51"]

1. Nf3 Nf6 2. c4 c5 3. Nc3 Nc6 4. g3 g6 5. Bg2 Bg7 6. d4 cxd4 7. Nxd4 Nxd4 8.
Qxd4 O-O 9. O-O d6 10. Qd3 Nd7 11. b3 Nc5 12. Qd2 Rb8 13. Bb2 b6 14. Rfd1 Bb7
15. Nd5 Bxb2 16. Qxb2 Bxd5 17. Rxd5 Qc7 18. h4 h6 19. Qd2 Kh7 20. h5 Nd7 21.
hxg6+ fxg6 22. Bf3 Ne5 23. Be4 Qd7 24. Rxe5 Qh3 25. Bg2 Qg4 26. Rxe7+ {IL NERO
ABBANDONA} 1-0

[Event "LA LUPA OPEN A "]
[Site "?"]
[Date "2019.05.09"]
[Round "2"]
[White "BONAPOSTA, FABRIZIO."]
[Black "ARABITO, GIUSEPPE."]
[Result "1-0"]
[WhiteElo "2067"]
[BlackElo "1601"]
[PlyCount "41"]

1. e4 d6 2. Nc3 Nf6 3. f4 Nbd7 4. Nf3 c5 5. Bc4 e6 6. d3 a6 7. a4 b6 8. O-O Qc7
9. Qe1 Be7 10. e5 Ng8 11. exd6 Bxd6 12. f5 Nf8 13. fxe6 Nxe6 14. Ng5 Bxh2+ 15.
Kh1 Nf6 16. Nxe6 fxe6 17. Bxe6 Bxe6 18. Qxe6+ Qe7 19. Qxe7+ Kxe7 20. Kxh2 Rhf8
21. Bg5 {IL NERO ABBANDONA} 1-0

[Event "LA LUPA OPEN A "]
[Site "?"]
[Date "2019.05.09"]
[Round "2"]
[White "MARINO, GIOVANNI."]
[Black "ALBORE , DANIELE."]
[Result "1/2-1/2"]
[WhiteElo "2017"]
[BlackElo "1649"]
[PlyCount "91"]

1. Nf3 d5 2. d4 Nf6 3. c4 e6 4. g3 c6 5. Bg2 Bd6 6. Qc2 Nbd7 7. Bf4 Bxf4 8.
gxf4 Qa5+ 9. Nbd2 Ne4 10. O-O Ndf6 11. Nb3 Qb4 12. Ne5 dxc4 13. Qxc4 Qxc4 14.
Nxc4 Ke7 15. Bxe4 Nxe4 16. Nc5 Nxc5 17. dxc5 Rb8 18. Na5 Bd7 19. Rfd1 b6 20.
Nb3 bxc5 21. Nxc5 Rhd8 22. b3 Be8 23. Nd3 Rd6 24. Rac1 Rbd8 25. Kf1 f6 26. Ke1
Bg6 27. Nb2 Rxd1+ 28. Rxd1 Rxd1+ 29. Nxd1 Kd6 30. Nc3 Kc5 31. Kd2 a5 32. e3 Kb4
33. e4 c5 34. Kd3 h6 35. Nb1 h5 36. h4 Be8 37. Kc2 c4 38. Nd2 cxb3+ 39. axb3
Bc6 40. Kd3 f5 41. e5 Bd5 42. Kc2 Kc5 43. Kc3 g6 44. Nf1 Bb7 45. Ne3 Ba6 46.
Nc2 {IL BIANCO CHIEDE PATTA} 1/2-1/2

[Event "LA LUPA OPEN A"]
[Site "?"]
[Date "2019.05.09"]
[Round "2"]
[White "ARIGONI, BRUNO."]
[Black "BOLLA, VITTORIO."]
[Result "1-0"]
[WhiteElo "1964"]
[BlackElo "1604"]
[PlyCount "101"]
[SourceDate "2019.05.23"]

1. e4 e6 2. d4 d5 3. e5 c5 4. Nf3 cxd4 5. Bd3 Nc6 6. O-O Nge7 7. a3 Ng6 8. Re1
Be7 9. b4 Qc7 10. Qe2 a6 11. g3 Bd7 12. Nbd2 Rc8 13. Nb3 b5 14. Bb2 O-O 15.
Nbxd4 Nxd4 16. Bxd4 Rce8 17. h4 f5 18. h5 Nh8 19. Kg2 Nf7 20. Rh1 h6 21. Nh4
Bxh4 22. gxh4 Nd8 23. f4 Nb7 24. Qf2 Rc8 25. c3 Be8 26. Be2 Kh8 27. Rhg1 Rg8
28. Kh3 Qc6 29. Rg3 a5 30. a4 bxa4 31. b5 Qc7 32. Rxa4 Nc5 33. Bxc5 Qxc5 34.
Qxc5 Rxc5 35. Rxa5 Bd7 36. Ra6 Bxb5 37. Bxb5 Rxb5 38. Rxe6 Rc8 39. Re7 Rb3 40.
Rd7 Rbxc3 41. Rxd5 Rxg3+ 42. Kxg3 Re8 43. Rd7 Kg8 44. Kf3 Kf8 45. Ke3 Re7 46.
Rxe7 Kxe7 47. Kd4 Kf7 48. Kd5 g6 49. hxg6+ Kxg6 50. e6 h5 51. Kd6 {IL NERO
ABBANDONA} 1-0

[Event "LA LUPA OPEN A"]
[Site "?"]
[Date "2019.05.09"]
[Round "2"]
[White "TOMASSI, EMIDIO."]
[Black "ROCCHI, FEDERICO."]
[Result "1/2-1/2"]
[WhiteElo "1635"]
[BlackElo "1903"]
[PlyCount "83"]
[EventDate "2019.??.??"]

1. Nf3 c5 2. c4 g6 3. g3 Bg7 4. Bg2 Nc6 5. O-O e6 6. Nc3 Nge7 7. d4 cxd4 8.
Nxd4 Nxd4 9. Nb5 O-O 10. Nxd4 d5 11. cxd5 Nxd5 12. e3 Qb6 13. Qb3 Qxb3 14. Nxb3
Bd7 15. Rb1 Rac8 16. Rd1 Rc7 17. Bd2 Rfc8 18. e4 Nb6 19. Be3 Ba4 20. Rd3 Rd7
21. Rxd7 Nxd7 22. Nd4 Ne5 23. b3 Bd7 24. h3 b6 25. Bf1 Rc3 26. Bd2 Rc7 27. f4
Nc6 28. Nxc6 Rxc6 29. Rc1 Bd4+ 30. Kg2 e5 31. Kf3 Rxc1 32. Bxc1 Bc6 33. g4 f5
34. gxf5 gxf5 35. Bd3 Kg7 36. Be3 Kg6 37. fxe5 Bxe5 38. Bf4 Kf6 39. Ke3 Bb2 40.
Kf3 Bd4 41. h4 Kg6 42. Bg5 1/2-1/2

[Event "LA LUPA OPEN A "]
[Site "?"]
[Date "2019.05.09"]
[Round "2"]
[White "RACCAH, ASCER."]
[Black "PUGLIA, FRANCESCO."]
[Result "0-1"]
[WhiteElo "1573"]
[BlackElo "1872"]
[PlyCount "48"]

1. e4 c5 2. c3 d5 3. Qf3 dxe4 4. Bb5+ Nd7 5. Qxe4 Ngf6 6. Qe2 e6 7. Nf3 a6 8.
Ba4 b5 9. Bc2 Bb7 10. O-O Bd6 11. d4 cxd4 12. Nxd4 O-O 13. Be3 Qc7 14. h4 Ne5
15. h5 Nc4 16. h6 Bh2+ 17. Kh1 Bg1 18. f4 Bxe3 19. hxg7 Qc5 20. gxf8=Q+ Rxf8
21. f5 Qe5 22. Nf3 Nh5 23. Qe1 Ng3+ 24. Qxg3+ Qxg3 {IL BIANCO ABBANDONA} 0-1

[Event "LA LUPA OPEN A "]
[Site "?"]
[Date "2019.05.09"]
[Round "2"]
[White "MILANI, PATRIZIA."]
[Black "ROBERTI, BRUNO."]
[Result "0-1"]
[WhiteElo "1528"]
[BlackElo "1850"]
[PlyCount "50"]

1. d4 f5 2. g3 Nf6 3. Bg2 d6 4. Nf3 g6 5. c4 Bg7 6. Nc3 O-O 7. O-O Nc6 8. Rb1
e5 9. Be3 e4 10. Ne1 Ng4 11. Nc2 Nxe3 12. Nxe3 Nxd4 13. Ned5 c6 14. Nb4 Qe7 15.
Nc2 Nxc2 16. Qxc2 Be6 17. b3 Rfd8 18. e3 Rac8 19. Na4 d5 20. cxd5 cxd5 21. Qe2
d4 22. Rbc1 d3 23. Qd2 b5 24. Nb2 Qa3 25. Rb1 Rc2 {IL BIANCO ABBANDONA} 0-1

[Event "LA LUPA OPEN A"]
[Site "?"]
[Date "2019.05.09"]
[Round "2"]
[White "RABITI, ROBERTO."]
[Black "CASTELLANO, LORENZO."]
[Result "1-0"]
[WhiteElo "1375"]
[BlackElo "1841"]
[PlyCount "71"]

1. c4 e5 2. g3 Nf6 3. Bg2 d5 4. cxd5 Nxd5 5. Nc3 Nb6 6. Nf3 Nc6 7. O-O Be7 8.
d3 Be6 9. Be3 O-O 10. Rc1 f6 11. a3 Qd7 12. Ne4 Nd4 13. Nxd4 exd4 14. Bf4 c6
15. Nc5 Bxc5 16. Rxc5 Qe7 17. b4 Rfe8 18. Re1 Nd5 19. Bd2 Rad8 20. Qa1 Nc7 21.
Bc1 Bf7 22. Bb2 Ne6 23. Rc4 c5 24. bxc5 Nxc5 25. Rxd4 Rxd4 26. Bxd4 Nxd3 27.
Rd1 Qxe2 28. Bf1 Qe4 29. Rxd3 Bd5 30. f3 Qf5 31. Qd1 Bc6 32. Bxa7 Qa5 33. Bd4
Bb5 34. Re3 Rd8 35. Qb3+ Kf8 36. Bc5+ {IL NERO ABBANDONA} 1-0

[Event "LA LUPA OPEN A"]
[Site "?"]
[Date "2019.05.09"]
[Round "2"]
[White "AGOSTINI, MAURIZIO."]
[Black "QUAGLIA, FERDINANDO."]
[Result "0-1"]
[WhiteElo "1802"]
[BlackElo "1479"]
[PlyCount "62"]
[EventDate "2019.??.??"]

1. d4 d5 2. c4 dxc4 3. e3 b5 4. a4 Bd7 5. axb5 Bxb5 6. b3 e5 7. bxc4 Bb4+ 8.
Bd2 Bxd2+ 9. Nxd2 Bd7 10. Bd3 exd4 11. exd4 Qe7+ 12. Ne2 Nf6 13. O-O O-O 14.
Re1 Re8 15. Nf3 Bg4 16. Ne5 Qd6 17. f3 Bh5 18. c5 Qd8 19. Bb5 Nfd7 20. Nf4 Bg6
21. Qa4 Bf5 22. g4 Nxe5 23. dxe5 Bd7 24. c6 Be6 25. Qe4 g6 26. Bd3 Nxc6 27. Ra4
Bd7 28. e6 Bxe6 29. Qxc6 Bd7 30. Rxe8+ Qxe8 31. Qxc7 Kg7 {IL RESTO DEL
FORMULARIO NON E' COMPRENSIBILE} 0-1

[Event "LA LUPA OPEN A "]
[Site "?"]
[Date "2019.05.09"]
[Round "2"]
[White "VANNELLI, VITTORIO."]
[Black "DE CATALDO, ANTONIO."]
[Result "1-0"]
[WhiteElo "1680"]
[BlackElo "1261"]
[PlyCount "73"]
[EventDate "2019.??.??"]

1. e4 e5 2. Nf3 Nc6 3. Bb5 Nd4 4. Nxd4 exd4 5. c3 c6 6. Ba4 d3 7. Qf3 Bc5 8. b4
Bb6 9. Bb3 Qf6 10. Na3 Qxf3 11. gxf3 Ne7 12. Bb2 d5 13. exd5 cxd5 14. c4 O-O
15. Rg1 g6 16. c5 Bc7 17. h4 h5 18. O-O-O Bf4 19. Rde1 Be6 20. Nb5 Rfc8 21. Nd4
b6 22. Nxe6 fxe6 23. Rxe6 Kf7 24. Rf6+ Ke8 25. Rxf4 bxc5 26. Ba4+ Kd8 27. Rf8+
Kc7 28. Rxc8+ Rxc8 29. bxc5 Kb7 30. c6+ Kb6 31. Re1 Nf5 32. Re6 Nxh4 33. Bc3
Rg8 34. Re7 Rb8 35. Bd4+ Ka5 36. Rxa7+ Kb4 37. Rb7+ {IL NERO ABBANDONA} 1-0

[Event "LA LUPA OPEN A "]
[Site "?"]
[Date "2019.05.16"]
[Round "3"]
[White "GROMOVS, SERGEJS."]
[Black "GIORNI, MORENO."]
[Result "1-0"]
[WhiteElo "2224"]
[BlackElo "1970"]
[PlyCount "93"]

1. d4 d5 2. Nf3 Nf6 3. c4 c6 4. Qc2 g6 5. Bf4 Bf5 6. Qb3 Qb6 7. c5 Qxb3 8. axb3
Na6 9. Nc3 Nb4 10. Ra4 a5 11. Bc7 Bc2 12. Bxa5 Na6 13. Ra3 Bg7 14. e3 O-O 15.
Kd2 Bf5 16. b4 Ne4+ 17. Nxe4 Bxe4 18. Ne5 Bf5 19. g4 Be6 20. Be2 f6 21. Nd3 Bd7
22. f4 Rae8 23. Rf1 e5 24. fxe5 fxe5 25. Rxf8+ Kxf8 26. Nxe5 Bxe5 27. dxe5 Rxe5
28. h3 Ke7 29. Ra1 h5 30. Rg1 hxg4 31. hxg4 Kf7 32. Rf1+ Kg7 33. Bxa6 bxa6 34.
b5 Re4 35. bxa6 Ra4 36. b4 Bc8 37. a7 Bb7 38. Kc3 Ra2 39. Kd4 Rg2 40. Ke5 Rxg4
41. Kd6 Re4 42. b5 cxb5 43. c6 Ba8 44. c7 Rc4 45. Kd7 Bc6+ 46. Kd8 Bb7 47. a8=Q
{IL NERO ABBANDONA} 1-0

[Event "LA LUPA OPEN A "]
[Site "?"]
[Date "2019.05.16"]
[Round "3"]
[White "PALA, GIORGIO."]
[Black "D'AMORE, EMANUELE."]
[Result "1/2-1/2"]
[WhiteElo "2048"]
[BlackElo "2159"]
[PlyCount "72"]

1. c4 e6 2. Nc3 d5 3. cxd5 exd5 4. d4 f5 5. Nf3 c6 6. Bf4 Nf6 7. e3 Bd6 8. Bxd6
Qxd6 9. Bd3 O-O 10. O-O Ne4 11. Qc2 Nd7 12. Rad1 Ndf6 13. Nd2 Ng4 14. Nf3 Ng5
15. Ne5 Nxe5 16. dxe5 Qxe5 17. Rfe1 Ne4 18. Ne2 Be6 19. b4 Rac8 20. f4 Qf6 21.
Bxe4 fxe4 22. Nd4 Qe7 23. Qc5 Qxc5 24. bxc5 Rce8 25. Nxe6 Rxe6 26. Rb1 Rf7 27.
Rb4 Kf8 28. Reb1 Ree7 29. Kf2 g5 30. g3 g4 31. Ra4 a6 32. h4 h5 33. Rab4 Ke8
34. Ke2 Kd8 35. Kd2 Kc8 36. Kc3 Kb8 1/2-1/2

[Event "LA LUPA OPEN A "]
[Site "?"]
[Date "2019.05.16"]
[Round "3"]
[White "VANNELLI, VITTORIO."]
[Black "BONAPOSTA, FABRIZIO."]
[Result "0-1"]
[WhiteElo "1680"]
[BlackElo "2067"]
[PlyCount "80"]
[EventDate "2019.??.??"]

1. e4 c5 2. Nf3 e6 3. d4 cxd4 4. Nxd4 a6 5. Nc3 Qc7 6. Bd3 Nf6 7. O-O Nc6 8.
Nxc6 dxc6 9. Qe2 e5 10. b3 b5 11. Bb2 Bc5 12. h3 O-O 13. Rad1 Bd4 14. Ba1 Be6
15. Qf3 Rfd8 16. Ne2 Bxa1 17. Rxa1 c5 18. Ng3 Rd4 19. Rfe1 Rad8 20. Nf5 Bxf5
21. exf5 Rf4 22. Qe3 e4 23. Bf1 Rxf5 24. a4 Rb8 25. axb5 axb5 26. Ra6 Re5 27.
f4 Ree8 28. c4 b4 29. g4 Rbd8 30. Be2 Nd7 31. Rea1 Nf8 32. R6a5 Ne6 33. Bf1 Nd4
34. Ra7 Qb8 35. R7a2 h5 36. Bg2 Qc8 37. Bxe4 Nxb3 38. Bh7+ Kxh7 39. Qxb3 hxg4
40. hxg4 Qxg4+ {IL BIANCO ABBANDONA} 0-1

[Event "LA LUPA OPEN A "]
[Site "?"]
[Date "2019.05.16"]
[Round "3"]
[White "NASCA, ANDREA."]
[Black "ARIGONI, BRUNO."]
[Result "0-1"]
[WhiteElo "1561"]
[BlackElo "1964"]
[PlyCount "108"]
[EventDate "2019.??.??"]

1. e4 e5 2. Nf3 Nc6 3. Bb5 Qf6 4. O-O Nge7 5. c3 a6 6. Ba4 b5 7. Bb3 d6 8. h3
h6 9. d4 g5 10. dxe5 dxe5 11. Nh2 h5 12. Qf3 Qxf3 13. Nxf3 f6 14. Ne1 Na5 15.
Bc2 Be6 16. a4 Bc4 17. axb5 Bxf1 18. Kxf1 Nc4 19. Bd3 Nb6 20. bxa6 Kd8 21. Be3
Nec8 22. Nd2 c5 23. Ra5 Nd7 24. Nb3 Na7 25. Nxc5 Bxc5 26. Bxc5 Nc6 27. Rb5 Rxa6
28. Bd6 Rb6 29. Rd5 Ne7 30. Bxe7+ Kxe7 31. b4 Rc8 32. Bb5 Rd6 33. Rxd6 Kxd6 34.
c4 Ra8 35. c5+ Kc7 36. Ke2 Rb8 37. Bxd7 Kxd7 38. Nd3 Kc6 39. Kd2 Kb5 40. Kc2
Ra8 41. Kb3 Ra1 42. g3 Rh1 43. f4 exf4 44. gxf4 Rxh3 45. Kc2 g4 46. Kd2 g3 47.
Ne1 g2 48. Nxg2 Rh2 49. e5 Rxg2+ 50. Ke3 fxe5 51. Kf3 Rg7 52. fxe5 h4 53. Ke4
h3 54. Kd5 h2 {IL BIANCO ABBANDONA} 0-1

[Event "LA LUPA OPEN A "]
[Site "?"]
[Date "2019.05.16"]
[Round "3"]
[White "PUGLIA, FRANCESCO."]
[Black "CIVILOTTI, ROBERTO."]
[Result "1-0"]
[WhiteElo "1872"]
[BlackElo "1562"]
[PlyCount "49"]

1. g3 d5 2. Bg2 Nc6 3. c4 Nf6 4. Nf3 Bf5 5. Qb3 e6 6. Qxb7 Nb4 7. Na3 Bd6 8.
Qb5+ c6 9. Qa4 O-O 10. d3 e5 11. O-O a5 12. Nc2 Qc8 13. Ne3 Bd7 14. a3 d4 15.
axb4 dxe3 16. Bxe3 Bxb4 17. Qb3 Be6 18. d4 e4 19. Nd2 Bf5 20. c5 Bd7 21. Qxb4
Rb8 22. Qa3 Re8 23. Nc4 Bh3 24. Rfb1 Bxg2 25. Kxg2 1-0

[Event "LA LUPA OPEN A "]
[Site "?"]
[Date "2019.05.16"]
[Round "3"]
[White "ROBERTI, BRUNO."]
[Black "RABITI, ROBERTO."]
[Result "1-0"]
[WhiteElo "1850"]
[BlackElo "1375"]
[PlyCount "83"]

1. d4 f5 2. Nc3 Nf6 3. Bg5 e6 4. e4 h6 5. Bxf6 Qxf6 6. e5 Qd8 7. Qh5+ Ke7 8. d5
Qe8 9. d6+ cxd6 10. exd6+ Kd8 11. Qxe8+ Kxe8 12. O-O-O a6 13. Nf3 Nc6 14. g3 b5
15. Bg2 Bb7 16. Rhe1 Kf7 17. h4 g6 18. Re5 Bg7 19. Rc5 Rac8 20. Ne1 Rhe8 21. f4
e5 22. Nd5 e4 23. Nc7 Red8 24. c3 Bf8 25. Rcd5 Bxd6 26. Nxb5 Bxf4+ 27. gxf4
axb5 28. Rxd7+ Rxd7 29. Rxd7+ Ne7 30. Rxb7 Ke6 31. Rb6+ Rc6 32. Rxc6+ Nxc6 33.
Bf1 b4 34. cxb4 Nxb4 35. Bc4+ Nd5 36. Bxd5+ Kxd5 37. Kd2 Kd4 38. Nc2+ Kc4 39.
Ne3+ Kd4 40. b4 g5 41. Nxf5+ Kc4 42. fxg5 {IL NERO ABBANDONA} 1-0